000 00307nam a2200121Ia 4500
008 220204s9999 xx 000 0 und d
082 _a025.4
_bBOR
100 _aBernier, Charles L
245 0 _aIndexing concepts and methods
260 _aNew York
_bAcademic
_c1978
700 _aBorko, Harold
942 _cBK
999 _c34420
_d34420